<?xml version="1.0" encoding="UTF-8"?>
<record
    xmlns:xsi="http://www.w3.org/2001/XMLSchema-instance"
    xsi:schemaLocation="http://www.loc.gov/MARC21/slim http://www.loc.gov/standards/marcxml/schema/MARC21slim.xsd"
    xmlns="http://www.loc.gov/MARC21/slim">

  <leader>02213nam a2200277 i 4500</leader>
  <controlfield tag="003">OSt</controlfield>
  <controlfield tag="005">20260316101249.0</controlfield>
  <controlfield tag="008">250316s2025    my ao  er     000 0 may d</controlfield>
  <datafield tag="020" ind1=" " ind2=" ">
    <subfield code="a">9789671815649</subfield>
    <subfield code="c">RM 45.00</subfield>
    <subfield code="q">paperback</subfield>
  </datafield>
  <datafield tag="040" ind1=" " ind2=" ">
    <subfield code="a">PPAK</subfield>
    <subfield code="b">eng</subfield>
    <subfield code="c">PPAK</subfield>
    <subfield code="e">rda</subfield>
  </datafield>
  <datafield tag="082" ind1="0" ind2="4">
    <subfield code="2">23</subfield>
    <subfield code="a">959.5</subfield>
  </datafield>
  <datafield tag="090" ind1="0" ind2="0">
    <subfield code="a">959.5</subfield>
    <subfield code="b">RAF</subfield>
    <subfield code="d">G</subfield>
  </datafield>
  <datafield tag="100" ind1="0" ind2=" ">
    <subfield code="a">Rafe Rahmat,</subfield>
    <subfield code="d">1969- </subfield>
    <subfield code="e">author. </subfield>
  </datafield>
  <datafield tag="245" ind1="1" ind2="0">
    <subfield code="a">GANYANG MALAYSIA : </subfield>
    <subfield code="b">Konflik Bersenjata Indonesia-Malaysia 1963-1966 /</subfield>
    <subfield code="c">Rafe Rahmat.</subfield>
  </datafield>
  <datafield tag="264" ind1=" " ind2="1">
    <subfield code="a">Subang Jaya, Selangor : </subfield>
    <subfield code="b">Rafely Rahmat, </subfield>
    <subfield code="c">[2025?]</subfield>
  </datafield>
  <datafield tag="300" ind1=" " ind2=" ">
    <subfield code="a">242 pages : </subfield>
    <subfield code="b">photographs ; </subfield>
    <subfield code="c">21 cm</subfield>
  </datafield>
  <datafield tag="336" ind1=" " ind2=" ">
    <subfield code="a">text</subfield>
    <subfield code="2">rdacontent</subfield>
  </datafield>
  <datafield tag="337" ind1=" " ind2=" ">
    <subfield code="a">unmediated</subfield>
    <subfield code="2">rdamedia</subfield>
  </datafield>
  <datafield tag="338" ind1=" " ind2=" ">
    <subfield code="a">volume</subfield>
    <subfield code="2">rdacarrier</subfield>
  </datafield>
  <datafield tag="504" ind1=" " ind2=" ">
    <subfield code="a">Bibliography: pages 159-162. </subfield>
  </datafield>
  <datafield tag="520" ind1=" " ind2=" ">
    <subfield code="a">Presiden Sukarno yang berang dengan penubuhan Persekutuan Malaysia menyebut dalam pidatonya - "Kalau kita lapar itu biasa. Kalau kita malu itu juga biasa. Namun kalau kita lapar atau malu itu karena Malaysia, kurang ajar!". Kempen "Ganyang Malaysia" secara rasminya diumumkan pada 3 Mei 1964 walaupun serangan telah bermula pada 12 April 1963.

"Ganyang Malaysia" adalah kempen perang gerila bertujuan menggagalkan kewujudan Persekutuan Malaysia. Konflik berskala "low intensity" ini juga merupakan satu peperangan yang tidak diisytiharkan dan gagal mencapai objektifnya. Banyak faktor yang menyebabkan kegagalan ini dibincangkan seperti masalah dalaman kepimpinan ABRI (Angkatan Bersenjata Rep. Indonesia), masalah logistik, pengaruh PKI (Partai Komunis Indonesia), strategi cegah-rintang British, peranan propaganda dan juga perisikan oleh kedua-dua pihak Malaysia dan Indonesia.

Buku ini tidak sahaja memuatkan operasi-operasi ketenteraan, susun atur tempur (order of battle) dari kedua-dua pihak yang bermusuhan turut dimuatkan supaya pembaca dapat membayangkan kekuatan ketenteraan kedua-dua pihak. Penulis juga memuatkan faktor ekonomi dan politik Indonesia yang turut menyumbang kepada kepincangan perlaksanaan kempen "Ganyang Malaysia</subfield>
  </datafield>
  <datafield tag="651" ind1=" " ind2="0">
    <subfield code="a">Malaysia </subfield>
    <subfield code="x">History </subfield>
    <subfield code="y">1963-1966. </subfield>
  </datafield>
  <datafield tag="651" ind1=" " ind2="0">
    <subfield code="a">Malaysia </subfield>
    <subfield code="x">Foreign relations </subfield>
    <subfield code="y">1963-1966 </subfield>
    <subfield code="z">Indonesia</subfield>
  </datafield>
  <datafield tag="651" ind1=" " ind2="0">
    <subfield code="a">Indonesia </subfield>
    <subfield code="x">Foreign relations </subfield>
    <subfield code="y">1963-1966 </subfield>
    <subfield code="z">Malaysia.</subfield>
  </datafield>
  <datafield tag="942" ind1=" " ind2=" ">
    <subfield code="2">ddc</subfield>
    <subfield code="c">B</subfield>
  </datafield>
  <datafield tag="999" ind1=" " ind2=" ">
    <subfield code="c">203444</subfield>
    <subfield code="d">203444</subfield>
  </datafield>
</record>
